000 00358 a2200169 4500
001 177627
020 _a85-356-0906-7
040 _cMagnum
100 _aBuyst, Ione
240 1 0 _aPreparando advento e Natal
_lpor
245 1 0 _aPreparando advento e Natal
300 _a79
362 0 _a2002
440 1 _aPaulinas
697 _aRELIGIƃO
942 _cBK
999 _c177627
_d177627